BL Pairs - Statistics

General Stats
  • This quiz has been taken 182 times
    177 since last reset
  • The average score is 25 of 32
Answer Stats
Hint Answer % Correct
FB Force Book
96%
JD Joong Dunk
96%
WE William Est
96%
PP Pond Phuwin
96%
GF Gemini Fourth
95%
OG Off Gun
94%
EM Earth Mix
94%
PS Perth Santa
94%
FK First Khao
92%
JS Jimmy Sea
91%
ZN Zee New
89%
TN Tay New
89%
WS Winny Satang
88%
JG Joss Gawin
85%
MO Mark Ohm
85%
YW Yin War
84%
BP Boun Prem
83%
MA Mile Apo
81%
PP Pooh Pavel
78%
FP Fort Peat
77%
TY Tutor Yim
77%
BN Boss Noeul
74%
DO Dauo Offroad
71%
SK Singto Krist
68%
MB Mos Bank
65%
BB Billy Babe
57%
MN Max Nat
57%
GI Great Inn
55%
BP Bilkin PP
54%
JB Jess Bible
47%
SP Sailub Pon
46%
UP Up Poom
37%
No matching quizzes found
Score Distribution
Percent of People with Each Score
Percentile by Number Answered
Your Score History
You have not taken this quiz since the last reset